000 00703nam a2200289Ia 4500
005 20260324113220.0
008 008 260324s9999 xx 000 0 eng d
020 _a9781032683584
037 _aEBOOK
040 _aCRL
040 _beng
040 _cCRL
041 _2eng
041 _aeng
084 _qCRL
100 _aRyan Lemasters; Stephen Covell
_91145879
245 0 _aHoly Waters
245 3 _bAn Interdisciplinary Examination of Religion and Alcohol
260 _bTaylor and Francis
260 _c2024
365 _a
365 _b230
856 _uhttp://www.taylorfrancis.com/books/9781032683584
942 _cEBOOK
999 _c1735413
_d1735413